000 01317nam a22002177a 4500
999 _c59635
_d59635
003 Ge_BSU
005 20230327110643.0
008 230327s2022 ge ||||| |||| 00| 0 geo d
020 _a9789941333460
041 _ageo
080 _a94(479.223)+94(479.22.470) გ-59
100 _aგოგოლიშვილი, ოთარ
_917265
245 _a საზოგადოებრივ-პოლიტიკური ვითარება გურიასა და ბათუმის ოლქში 1905-1907 წლებში :
_bნაწილი 1. გურია ბობოქარ 1900-1907 წლებში /
_cოთარ გოგოლიშვილი; რედაქტორი დიმიტრი შველიძე.
264 _aთბილისი:
_bუნივერსალი,
_c2022.
300 _a123 გვ.;
_b20 სმ.
653 _aისტორია
653 _aსაზოგადოებრივ-პოლიტიკური ვითარება ბათუმის ოლქში
653 _aსაზოგადოებრივ-პოლიტიკური ვითარება გურიაში
700 _aშველიძე, დიმიტრი
_eრედაქტორი
_917266
942 _2udc
_cBK